000 00648cam a22002413a 4500
001 6481
003 PGUSA
005 20140828083133.0
008 040901s2004||||xxu|||||s|||||000 | eng d
040 _aPGUSA
_beng
042 _adc
050 4 _aRX
100 1 _aEllis, John,
_d1815-1896
245 1 0 _aPersonal Experience of a Physician
_h[electronic resource] /
_cJohn Ellis
260 _bProject Gutenberg,
_c2004
506 _aPublic domain in the USA.
516 _aElectronic text
653 _aHomeopathy
653 _aTemperance
830 0 _aProject Gutenberg
_v6481
856 4 0 _uhttp://www.gutenberg.org/ebooks/6481
942 _cEB
999 _c235804
_d235804